000 nam a22 7a 4500
999 _c219600
_d219600
003 Nust
005 20170215094954.0
008 170215b xxu||||| |||| 00| 0 eng d
020 _a9788178847511
040 _c0
082 _a323.445
100 _4Dayal Kameshwar
245 _aFreedom of press and right to information
_cDayal Kameshwar
260 _aNew Delhi
_bCyber tech publications
_c2011
300 _a272p
942 _2ddc
_cBK